<?xml version="1.0" encoding="UTF-8"?>
<record
    xmlns:xsi="http://www.w3.org/2001/XMLSchema-instance"
    xsi:schemaLocation="http://www.loc.gov/MARC21/slim http://www.loc.gov/standards/marcxml/schema/MARC21slim.xsd"
    xmlns="http://www.loc.gov/MARC21/slim">

  <leader>02508njm a2200457Ia 4500</leader>
  <controlfield tag="001">26077</controlfield>
  <controlfield tag="003">IT-RoPAU</controlfield>
  <controlfield tag="005">20220918181117.0</controlfield>
  <controlfield tag="008">131025s9999    xx            000 0 und d</controlfield>
  <datafield tag="040" ind1=" " ind2=" ">
    <subfield code="a">IT-RoPAU</subfield>
  </datafield>
  <datafield tag="040" ind1=" " ind2=" ">
    <subfield code="c">IT-RoPAU</subfield>
  </datafield>
  <datafield tag="041" ind1=" " ind2=" ">
    <subfield code="a">ITALIANO</subfield>
  </datafield>
  <datafield tag="999" ind1=" " ind2=" ">
    <subfield code="c">99525</subfield>
    <subfield code="d">99525</subfield>
  </datafield>
  <datafield tag="999" ind1=" " ind2=" ">
    <subfield code="b">n.d.</subfield>
  </datafield>
  <datafield tag="100" ind1=" " ind2=" ">
    <subfield code="a">AA.VV.</subfield>
    <subfield code="9">794</subfield>
  </datafield>
  <datafield tag="100" ind1=" " ind2=" ">
    <subfield code="e">Autore musica</subfield>
    <subfield code="9">15528</subfield>
  </datafield>
  <datafield tag="100" ind1=" " ind2=" ">
    <subfield code="g">Codice autore musica SPICS: 12000</subfield>
    <subfield code="9">796</subfield>
  </datafield>
  <datafield tag="245" ind1=" " ind2=" ">
    <subfield code="a">Festival di Sanremo '85</subfield>
  </datafield>
  <datafield tag="250" ind1=" " ind2=" ">
    <subfield code="a">1a ed.</subfield>
  </datafield>
  <datafield tag="260" ind1=" " ind2=" ">
    <subfield code="a">ROMA</subfield>
  </datafield>
  <datafield tag="260" ind1=" " ind2=" ">
    <subfield code="b">SPICS RECORDS</subfield>
    <subfield code="c">1985 [1a Ed.:1985 - Ed. Lingua Orig.: 1985]</subfield>
  </datafield>
  <datafield tag="300" ind1=" " ind2=" ">
    <subfield code="a">MUSICASSETTA</subfield>
  </datafield>
  <datafield tag="300" ind1=" " ind2=" ">
    <subfield code="c">60 minuti (Testo:  pag.)</subfield>
  </datafield>
  <datafield tag="500" ind1=" " ind2=" ">
    <subfield code="a">Canzone italiana. Canzoni presentate al Festival di Sanremo 1985</subfield>
  </datafield>
  <datafield tag="505" ind1=" " ind2=" ">
    <subfield code="a">Notte serena - Noi ragazzi di oggi - Donne - Buona fortuna - Il profumo del tempo - Questo piccolo grande amore - Cose veloci - Franca ti amo - Volti nella noia - Lasciamoci andare - Black Cars - Why? - I'll Fly For You - Why Is It So Hard?</subfield>
  </datafield>
  <datafield tag="650" ind1=" " ind2=" ">
    <subfield code="a">CANZONE ITALIAN [CASSETTE]</subfield>
    <subfield code="e">Codice MATERIA SPICS: 9951</subfield>
    <subfield code="9">2279</subfield>
  </datafield>
  <datafield tag="700" ind1=" " ind2=" ">
    <subfield code="a">Christian</subfield>
    <subfield code="d">Codice autore musica SPICS: 10823</subfield>
    <subfield code="e">Autore musica</subfield>
    <subfield code="p">Notte serena</subfield>
    <subfield code="9">15529</subfield>
  </datafield>
  <datafield tag="700" ind1=" " ind2=" ">
    <subfield code="a">Miguel Luis</subfield>
    <subfield code="d">Codice autore musica SPICS: 9873</subfield>
    <subfield code="e">Autore musica</subfield>
    <subfield code="p">Noi ragazzi di oggi</subfield>
    <subfield code="9">15530</subfield>
  </datafield>
  <datafield tag="700" ind1=" " ind2=" ">
    <subfield code="a">Fornaciari Zucchero</subfield>
    <subfield code="d">Codice autore musica SPICS: 10901</subfield>
    <subfield code="e">Autore musica</subfield>
    <subfield code="p">Donne</subfield>
    <subfield code="9">15531</subfield>
  </datafield>
  <datafield tag="700" ind1=" " ind2=" ">
    <subfield code="a">Locasciulli Mimmo</subfield>
    <subfield code="d">Codice autore musica SPICS: 1168</subfield>
    <subfield code="e">Autore musica</subfield>
    <subfield code="p">Buona fortuna</subfield>
    <subfield code="9">15532</subfield>
  </datafield>
  <datafield tag="700" ind1=" " ind2=" ">
    <subfield code="a">Ricciarelli Katia</subfield>
    <subfield code="d">Codice autore musica SPICS: 16959</subfield>
    <subfield code="e">Autore musica</subfield>
    <subfield code="p">Il profumo del tempo</subfield>
    <subfield code="9">15533</subfield>
  </datafield>
  <datafield tag="700" ind1=" " ind2=" ">
    <subfield code="a">Baglioni Claudio</subfield>
    <subfield code="d">Codice autore musica SPICS: 10741</subfield>
    <subfield code="e">Autore musica</subfield>
    <subfield code="p">Questo piccolo grande amore</subfield>
    <subfield code="9">15534</subfield>
  </datafield>
  <datafield tag="700" ind1=" " ind2=" ">
    <subfield code="a">Garbo</subfield>
    <subfield code="d">Codice autore musica SPICS: 9887</subfield>
    <subfield code="e">Autore musica</subfield>
    <subfield code="p">Cose veloci</subfield>
    <subfield code="9">15535</subfield>
  </datafield>
  <datafield tag="700" ind1=" " ind2=" ">
    <subfield code="a">Graziani Ivan</subfield>
    <subfield code="d">Codice autore musica SPICS: 5852</subfield>
    <subfield code="e">Autore musica</subfield>
    <subfield code="p">Franca ti amo</subfield>
    <subfield code="9">15536</subfield>
  </datafield>
  <datafield tag="700" ind1=" " ind2=" ">
    <subfield code="a">Champagne Molotov</subfield>
    <subfield code="d">Codice autore musica SPICS: 9859</subfield>
    <subfield code="e">Autore musica</subfield>
    <subfield code="p">Volti nella noia</subfield>
    <subfield code="9">15537</subfield>
  </datafield>
  <datafield tag="700" ind1=" " ind2=" ">
    <subfield code="a">Valentini Antonio</subfield>
    <subfield code="d">Codice autore musica SPICS: 9834</subfield>
    <subfield code="e">Autore musica</subfield>
    <subfield code="p">Lasciamoci andare</subfield>
    <subfield code="9">15538</subfield>
  </datafield>
  <datafield tag="700" ind1=" " ind2=" ">
    <subfield code="a">Vannelli Gino</subfield>
    <subfield code="d">Codice autore musica SPICS: 16960</subfield>
    <subfield code="e">Autore musica</subfield>
    <subfield code="p">Black Cars</subfield>
    <subfield code="9">15539</subfield>
  </datafield>
  <datafield tag="700" ind1=" " ind2=" ">
    <subfield code="a">Bronski Beat</subfield>
    <subfield code="d">Codice autore musica SPICS: 11411</subfield>
    <subfield code="e">Autore musica</subfield>
    <subfield code="p">Why?</subfield>
    <subfield code="9">15540</subfield>
  </datafield>
  <datafield tag="700" ind1=" " ind2=" ">
    <subfield code="a">Spandau Ballet </subfield>
    <subfield code="d">Codice autore musica SPICS: 9875</subfield>
    <subfield code="e">Autore musica</subfield>
    <subfield code="p">I'll Fly For You</subfield>
    <subfield code="9">15541</subfield>
  </datafield>
  <datafield tag="700" ind1=" " ind2=" ">
    <subfield code="a">Talk Talk</subfield>
    <subfield code="d">Codice autore musica SPICS: 11414</subfield>
    <subfield code="e">Autore musica</subfield>
    <subfield code="p">Why Is It So Hard?</subfield>
    <subfield code="9">15542</subfield>
  </datafield>
  <datafield tag="942" ind1=" " ind2=" ">
    <subfield code="c">MC</subfield>
    <subfield code="2">ddc</subfield>
  </datafield>
  <datafield tag="952" ind1=" " ind2=" ">
    <subfield code="0">0</subfield>
    <subfield code="1">0</subfield>
    <subfield code="4">0</subfield>
    <subfield code="6">26077_000000000000000</subfield>
    <subfield code="7">1</subfield>
    <subfield code="a">SPICS</subfield>
    <subfield code="b">SPICS</subfield>
    <subfield code="d">2013-10-25</subfield>
    <subfield code="l">0</subfield>
    <subfield code="o">26077</subfield>
    <subfield code="r">2013-10-25 00:00:00</subfield>
    <subfield code="w">2013-10-25</subfield>
    <subfield code="y">MC</subfield>
    <subfield code="z">Progr. Ins.: 5945 / N.Vol.: 1 / Copie: 1 - Copia rara: n.d. / date import: 01.01.2014 - By Epidotti, Trombetti, Vaglietti</subfield>
  </datafield>
</record>
